Alejandro de Humboldt, modelo en la lucha por el progreso y la liberación de la humanidad (Registro nro. 1191)
[ vista simple ]
| 000 -CABECERA | |
|---|---|
| Campo de control | 00938nam a2200229 a 4500 |
| 005 - FECHA Y HORA DE LA ULTIMA TRANSACCION | |
| Campo de control | 20160215121823.0 |
| 008 - ELEMENTOS DE LONGITUD FIJA—INFORMACION GENERAL | |
| Campo de control | 140226t1969 gw a gr|||| 00| 0 ger d |
| 040 ## - FUENTE DE CATALOGACIÓN | |
| Agencia catalogadora original | CO-BoIAVH |
| Agencia transcriptora | CO-BoIAVH |
| 041 ## - IDIOMA | |
| Código de idioma para texto/pista de sonido o título separado | Alemán |
| Código de idioma de la versión original y/o traducciones intermedias del texto | Español |
| 044 ## - PAÍS DE PUBLICACIÓN | |
| País de publicación | Alemania |
| 082 04 - NUMERO DE CLASIFICACION DECIMAL DEWEY | |
| Número de clasificación | 704.942092 |
| Número del ítem | A36a |
| 110 1# - ASIENTO PRINCIPAL--NOMBRE CORPORATIVO | |
| Nombre corporativo o de jurisdicción como elemento de entrada | Alemania |
| Unidad subordinad | Academia Alemana de Ciencias de Berlín |
| 9 (RLIN) | 59967 |
| 245 1# - MENCION DE TITULO | |
| Título | Alejandro de Humboldt, modelo en la lucha por el progreso y la liberación de la humanidad |
| Parte restante del título | memorial en conmemoración del bicentenario de su nacimiento |
| 246 ## - FORMA VARIANTE DEL TITULO | |
| Título propiamente dicho/forma breve del título | Alexander von Humboldt, wirkendes vorbild für fortschritt und befreiung der menschheit |
| Parte restante del título | festschrift aus anlass seines 200. Geburtstages |
| 260 ## - PUBLICACION, DISTRIBUCION, ETC. (PIE DE IMPRENTA) | |
| Lugar de publicación, distribución, etc. | Berlín |
| Nombre del editor, distribuidor, etc. | Akademie- Verlag |
| Fecha de publicación, distribución, etc. | 1969 |
| 300 ## - DESCRIPCION FISICA | |
| Extensión | 205 paginas. |
| Otros detalles físicos | ilustraciones. ; |
| Dimensiones | 23 x 18 cm. |
| 650 #4 - ASIENTO SECUNDARIO DE MATERIA - TERMINO TEMATICO | |
| Término temático o nombre geográfico como elemento de entrada | Biografía |
| 9 (RLIN) | 59968 |
| 650 #4 - ASIENTO SECUNDARIO DE MATERIA - TERMINO TEMATICO | |
| Término temático o nombre geográfico como elemento de entrada | Investigadores científicos |
| 9 (RLIN) | 3940 |
| 650 #4 - ASIENTO SECUNDARIO DE MATERIA - TERMINO TEMATICO | |
| Término temático o nombre geográfico como elemento de entrada | Historia de la ciencia |
| 9 (RLIN) | 3941 |
| 942 ## - ELEMENTOS ADICIONALES (KOHA) | |
| Tipo de ítem | Libro |
| Sistema de clasificación | Dewey Decimal Classification |
| 945 ## - PROCESAMIENTO LOCAL | |
| AAAA-MM-DD - Fecha de ingreso o modificacion | 2003-10-30 |
| Withdrawn status | Lost status | Sistema de Clasificación | Damaged status | No para préstamo | Colección | Inventariado | Ubicación Permanente | Ubicación actual | Fecha de adquisición | Fuente de Valor | Total Checkouts | Número topográfico | Inventario / Código de Barras | Date last seen | Date checked out | Ejemplar | Price effective from | Forma de adquisición | Tipo de material |
|---|---|---|---|---|---|---|---|---|---|---|---|---|---|---|---|---|---|---|---|
| Dewey Decimal Classification | General | Inventariado 2017 | Bogotá | Bogotá | 24/04/1999 | Amazon | 1 | LB-704.942092 A36a | 004255 | 23/07/2018 | 23/07/2018 | Ej. 1 | 04/12/2012 | Libro |